000 00519nam a2200145 a 4500
001 000031735
005 20250116073944.0
008 110630s1992 dr 000 0 spa d
040 _aDO-SdBNP
_bspa
_cBNPHU
110 1 _aRepública Dominicana.
_bSecretaría de Estado de Educación, Bellas Artes y Cultos
_923965
245 1 0 _aManual de instrucciones para la administración de las pruebas nacionales.
260 _aSanto Domingo :
_bComisión de Pruebas Nacionales,
_c1992.
300 _a10 p. ;
_c22 cm.
049 _aBNPD
999 _c31227
_d31227